Die 10 größten Städte Australiens - Statistiken

Allgemein
  • Dieses Quiz wurde 52 mal gespielt
  • Das Durchschnittsergebnis liegt bei 6 aus 10
Antwortstatistiken
Hint Antwort % Korrekt
4.698.656 Sydney
98%
2.043.762 Perth
96%
4.585.537 Melbourne
92%
2.287.896 Brisbane
83%
490.181 Canberra
81%
1.245.011 Adelaide
75%
671.386 Gold Coast
40%
197.451 Hobart
38%
348.539 Newcastle
27%
280.153 Wollongong
19%
Keine übereinstimmenden Quizze gefunden
Verteilung der Resultate
Anzahl Personen mit jedem Resultat
Perzentil nach korrekt beantworteten Fragen
Ihre Resultats-Entwicklung
Sie haben dieses Quiz noch nicht gespielt